03289nam a22003137a 450000500170000000800410001702000150005804000720007304100080014506000110015324500480016424600260021225000120023826000820025030000380033250510250037050512260139565000180262165000250263965000220266465000320268665000140271870000200273270000210275270000320277370000210280585600690282685600800289520240524113351.0130821s2006 xxua gr eng  a078175769X aCo-BoUCMbspacDavid Moreno (modificó)dDavid Moreno (modificó)00aeng10aWE 18000aRockwood and Wilkins' fractures in children30aFractures in children a6a. Ed. aFiladelfia (Pensilvania, Estados Unidos)bLippincott Williams & Wilkinsc2006 axv, 1200 páginasbilustraciones00tIncidence of fractures in childrenrKaye E. Wilkins and Alaric J. Aroojis --tThe biologic aspects of children's fracturesrCory J. Xian and Bruce K. Foster --tPain relief and related concerns in children's fracturesrJoseph R. Furman --tManagement of the multiply injured childrRobert M. Kay and Vernon T. Tolo --tPhyseal injuries and growth disturbancesrKarl E. Rathjen and John G. Birch --tPathologic fractures associated with tumors and unique conditions of the musculoskeletal systemrJohn P. Dormans and John M. Flynn --tChild abuserRobert M. Campbell, Jr. and Timothy Schrader --tFractures and dislocations of the hand and carpus in childrenrScott H. Kozin and Peter M. Waters --tFractures of the distal radius and ulnarPeter M. Waters and Alexander D. Mih --tInjuries to the shafts of the radius and ulnarCharles T. Mehlman and Eric J. Wall --tFractures of the proximal radius and ulnarRobert E. Eilert and Mark A. Erickson --tMonteggia fracture-dislocation in childrenrJosé F. de la Garza --00tThe elbow region: general concepts in the pediatric patientrJames H. Beaty and James R. Kasser --tSupracondylar fractures of the distal humerusrJames R. Kasser and James H. Beaty --tThe elbow: physeal fractures, apophyseal injuries of the distal humerus, osteonecrosis of the trochlea, and t-condylar fracturesrJames H. Beaty and James R. Kasser --tDislocations of the elbowrAnthony A. Stans and Stephen D. Heinrich --tProximal humerus, scapula, and claviclerJohn F. Sarwark, Erik C. King, and Scott J. Luhmann --tCervical spine injuries in childrenrWilliam C. Warner, Jr. and Daniel J. Hedequist --tThoracolumbar spine fracturesrPeter O. Newton --tFractures of the pelvisrRoger F. Widmann --tFractures and traumatic dislocations of the hip in childrenrR. Dale Blasier and Laurie O. Hughes --tFemoral shaft fracturesrJames R. Kasser and James H. Beaty --tExtra-articular injuries of the kneerDavid L. Skaggs --tIntra-articular injuries of the kneerMininder S. Kocher --tFractures of the shaft of the tibia and fibularStephen D. Heinrich and James F. Mooney III --tDistal tibial and fibular fracturesrR. Jay Cummings --tFractures and dislocations of the footrJames G. Jarvis and Paul J. Moroz.04aDislocaciones04aFracturas en niños04aFracturasxHuesos04aNiñosxHeridas y lesiones04aOrtopedia1 aBeaty, James H.1 aKasser, James R.1 aRockwood, Charles A.d1936-1 aWilkins, Kaye E.413Contenidouhttp://www.loc.gov/catdir/toc/ecip061/2005028858.html423Publicadoruhttp://www.loc.gov/catdir/enhancements/fy0712/2005028858-d.html